000 01917nam0a2200325 4500
001 RU\NLR\BIBL_A\022492618
005 20250520113623.0
010 _a978-5-9273-4082-8
_950
021 _aRU
_bКН-П-25-000051
_9КН-П-25-0005
035 _a(NLR Aleph) 022492618
090 _a13382953
_c13382953
100 _a20250317d2024 u y0rusy50 ca
101 0 _arus
102 _aRU
105 _aa j 000yy
181 0 _ai3
_baxxe
182 0 _an
200 1 _aОсновы палеонтологии
_eучебно-методическое пособие
_eдля студентов заочного обучения 1-го курса геологического факультета, обучающихся по направлению 21.05.02 "Прикладная геология"
_fМ. Г. Раскатова, А. А. Шемелинина
_gМинистерство науки и высшего образования РФ, Федеральное государственное бюджетное образовательное учреждение высшего образования "Воронежский государственный университет"
203 _aТекст
_bвизуальный
_cнепосредственный
210 _aВоронеж
_cИздательский дом ВГУ
_d2024
215 _a118 с.
_cил.
_d20
320 _aБиблиогр.: с. 117–118 (19 назв.)
606 1 _aПалеонтология
_jУчебно-методические пособия для высших учебных заведений
_91011064
_3RU\NLR\AUTH\6667261
686 1 _aЕ1я731
700 1 _aРаскатова
_bМ. Г.
_gМарина Георгиевна
701 1 _aЩемелинина
_bА. А.
_gАлла Александровна
942 _cBOOK
980 _aNB